Haza és külföld. - I. évf. (1885) 6. sz.
Elmentve itt :
| Dokumentumtípus: | Folyóirat |
|---|---|
| Megjelent: |
1885
|
| Sorozat: | Haza és külföld : tudományos, szépirodalmi, tanügyi, társadalmi és kritikai folyóirat : a "Budapesti Szépirodalmi Kör" hivatalos közlő-lapja
1 No. 6 |
| Online Access: | http://misc.bibl.u-szeged.hu/16521 |
| LEADER | 00582nas a2200133 i 4500 | ||
|---|---|---|---|
| 001 | misc16521 | ||
| 005 | 20191106144425.0 | ||
| 008 | 170616s1885 hu o 0|| zxx d | ||
| 040 | |a SZTE Miscellanea Repozitórium |b hun | ||
| 041 | |a zxx | ||
| 245 | 0 | 0 | |a Haza és külföld. - I. évf. (1885) 6. sz. |h [elektronikus dokumentum] |
| 260 | |c 1885 | ||
| 490 | 0 | |a Haza és külföld : tudományos, szépirodalmi, tanügyi, társadalmi és kritikai folyóirat : a "Budapesti Szépirodalmi Kör" hivatalos közlő-lapja |v 1 No. 6 | |
| 856 | 4 | 0 | |u http://misc.bibl.u-szeged.hu/16521/1/haza_001_006.pdf |z Dokumentum-elérés |